000 01101cam a2200241 a 4500
020 _a0471968579
082 0 0 _a627.123
_bBUR
_cL-NUST, P-23
100 _aBurt, N
_943998
245 0 0 _aBarrages, engineering design & environmental impacts :
_binternational conference, 10-13 September 1996, Cardiff, UK /
_cedited by Neville Burt and Jacqueline Watts.
260 _aChichester ;
_aNew York :
_bWiley,
_c1996.
300 _axi, 504 p. :
_bill. ;
_c25 cm.
500 _a"International Conference on Barrages: Engineering Design & Environmental Impacts, 10-13 September 1996, Cardiff, UK"--P. v.
526 _a0
_b0
_c0
_d627_123000000000000_BUR
650 0 _aBarrages
_xDesign and construction
_xCongresses.
_943999
650 0 _aBarrages
_xEnvironmental aspects
_zCongresses.
_944000
650 0 _aBarrages
_zWales
_zCardiff
_xCongresses.
_944001
650 0 _aMCE
_9379
700 1 _aBurt, Neville.
_944002
700 1 _aWatts, Jacqueline.
_944003
856 4 _uhttp://www.loc.gov/catdir/toc/onix04/96218095.html
856 4 2 _uhttp://www.loc.gov/catdir/description/wiley033/96218095.html
942 _2ddc
_cBK
999 _c547856
_d547856